000 00694nam a22002177a 4500
003 UA-OsUOA
001 80902
007 ta
008 20111228b un ||||| |||| 00| 0 ukr d
100 _aОстровська О.А.
090 _a657
_bО-77
942 _cSA
040 _aUA-OsUOA
_bukr
_cUA-OsUOA
_dUA-OsUOA
245 _aІнновації у фінансовій діагностиці вітчизняних підприємств
300 _aС.110-120
955 _a0
041 _aukr
080 _a657
773 0 _w80892
_tФінанси України
_dК.
_d2011
_g9
650 7 _a657 Бухгалтерія. Бухгалтерський облік. Рахівництво
_2UDC
999 _c367209
_d367209